00625nam a2200169Ia 4500008004100000020001400041245006200055260007700117516002000194650001500214650001600229830006800245856003600313942000700349999001900356952008000375140925s9999 xx 000 0 und d a1895-1171 aAdvances in cognitive psychology /h[electronic resource] bUniversity of Finance and Management in Warsaw & Vizja Press&IT,cc2007. aElectronic text aCognitive. aPsychology. aUniversity of Finance and Management in Warsaw & Vizja Press&IT uhttp://www.ac-psych.org/en/home cEJ c275620d275620 001040aCLbCLd0000-00-00l0pEJ0017r2014-09-25 00:00:00w2014-09-25yEJ